00799nam a2200253Ia 4500003000900000008004100009040001300050040001300063041000800076100001900084100001000103245011100113250001100224260002100235260000900256300001100265300000900276300001200285490000600297700002200303942000700325999001700332952019600349IT-RoPAU120407s9999 xx 000 0 und d aIT-RoPAU cIT-RoPAU aita aAntonio Tarzia ccoll. a"San Paolo nell’arte contemporanea. In occasione del centenario della nascita di Don Giacomo Alberione." aMilano aEdizioni Paoline c1984 a103 p. bill. c23,5 cm v1 aGiorgio Mascherpa cBK c24088d24088 00102ddc406922_44000000000000071aPAULUSbPAULUSd2012-04-11l0o922.44r2012-04-11 00:00:00w2012-04-11yBKzInserito da: Anna In data: 05 ottobre 2011 fondo: Via A.Severo 56 Progr:31959